Math - Using Music - Statistics

General Stats
  • This quiz has been taken 15 times
  • The average score is 7 of 11
Answer Stats
Hint Answer % Correct
The number of Luftballoons Nena sang about divided by the number of members in the Bee-Gee's. 33
93%
The band Blink-___ plus the movie starring Eminem: _ Mile. 190
86%
The number on Non Blondes times ____ Finger Death Punch. 20
86%
The "Stressed Out" and "Heathens" guys, minus Adam Levine's group. 16
79%
The number of "days of Christmas" times the artist Blur's "wahoo" song number. 24
79%
Canadian rock band Sum-__ plus the "Love Shack" singers. 93
71%
The number of Seconds to Mars, divided by the "Counting Stars" band 30
64%
Beethoven's "Ode to Joy" symphony number times the number of people in the Jackson group. 45
64%
Curtis Jackson's rap name times the Motown group of "Can't Help Myself (Sugar Pie Honey Bunch)" fame. $2.00
57%
Rob Thomas's group, times Trent Reznor's group. 180
43%
American rock band known for "Down" and "Amber" minus _ Days Grace. 308
14%
No matching quizzes found
Score Distribution
Percent of People with Each Score
Percentile by Number Answered
Your Score History
You have not taken this quiz